Blue Lock Characters (Very Hard) - Statistics

General Stats
  • This quiz has been taken 74 times
  • The average score is 5 of 16
Answer Stats
Picture Answer % Correct
Hyōma Chigiri
100%
Ikki Niko
100%
Julian Loki
100%
Jun'ichi Wanima
100%
Keisuke Wanima
100%
Kenyū Yukimiya
100%
Leonardo Luna
100%
Oliver Aiku
100%
Rensuke Kunigami
100%
Reo Mikage
100%
Ryōsuke Kira
100%
Ryūsei Shidō
100%
Seishirō Nagi
100%
Shūto Sendō
100%
Wataru Kuon
100%
Yō Hiori
100%
Zantetsu Tsurugi
100%
Pablo Casavoz
86%
Nijirō Nanase
83%
Yoichi Isagi
83%
Gin Gagamaru
80%
Gurimu Igarashi
80%
Aoshi Tokimitsu
75%
Jin Kiyora
75%
Okuhito Iemon
75%
Rin Itoshi
75%
Adam Blake
71%
Jyūbei Aryū
71%
Tabito Karasu
71%
Dada Silva
67%
Kyohei Shiguma
67%
Meguru Bachira
67%
Ranze Kurona
67%
Sae Itoshi
67%
Shōei Barō
67%
Hajime Nishioka
50%
Hibiki Ōkawa
50%
Shingen Tanaka
50%
Teppei Neru
50%
Haru Hayate
40%
Itsuki Wakatsuki
40%
Jingo Raichi
40%
Eita Otoya
38%
Kento Chō
33%
Reiji Hiiragi
33%
Tetsu Sokura
33%
Gen Fukaku
25%
Kazuma Niō
25%
Miroku Darai
25%
Kairu Saramadara
20%
Akira Endōji
17%
Taiga Tsunzaki
17%
Shizuka Haiji
14%
Teru Kitsunezato
14%
Aiki Himizu
0%
Asahi Naruhaya
0%
Ashime Suzuki
0%
Beita Tsuru
0%
Burai Daidō
0%
Chihiro Ezaki
0%
Daiya Morinaga
0%
Fūma Rokkaku
0%
Haato Meiji
0%
Haruhiko Yuzu
0%
Hirakazu Midorikawa
0%
Hiromu Munakata‎
0%
Hyūga Koshiba
0%
Imaru Akashi
0%
Iori Satō
0%
Juraki Itō
0%
Kai Tokita
0%
Kanji Torikai
0%
Kei Shishiya‎
0%
Kisaburō Hijikata
0%
Kiyoshi Yasushi
0%
Kōki Mera
0%
Kōsei Ōtsuka
0%
Mareto Takeyama
0%
Masumi Atatame
0%
Noboru Jigen
0%
Raito Fuwa‎
0%
Retsu Nerima
0%
Rian Sanga
0%
Rikiya Hohai‎
0%
Ruto Kōra‎
0%
Ryō Nameoka
0%
Ryūhei Osuna
0%
Shin'ichi Konan
0%
Shūhei Ebina
0%
Sōshi Kagura
0%
Sōta Nemoto
0%
Taishō Hagimoto
0%
Takayuki Tokorojōji
0%
Takuma Isezaki
0%
Tobio Madoka‎
0%
Tsukoteru Eiyu‎
0%
Yawara Banku‎
0%
Yūdai Imamura
0%
Yūjin Koshinaka
0%
Yukio Ishikari
0%
Yūsei Amazora
0%
Yūza Dokomo‎
0%
No matching quizzes found
Score Distribution
Percent of People with Each Score
Percentile by Number Answered
Your Score History
You have not taken this quiz